01544cam a2200373 a 4500999001700000001000900017003000400026005001700030008004100047010001700088020001800105020001500123035002300138040003200161042001400193050002400207082001700231100005000248245012000298260003600418300003500454504006400489650002800553650002900581650002700610650002700637650002900664856008100693856010600774856009100880906004500971942003201016952012201048 c17416d1741614822054OSt20161126092916.0070425s2007 njua b 001 0 eng d a 2007295977 a9780470139882 a0470139889 a(OCoLC)ocm85821632 aEWLcEWLdYDXCPdBAKERdDLC alccopycat00aHD31b.K598214 200700a658.4/092221 aKoch, Charles G.q(Charles de Ganahl),d1935-14aThe science of success :bhow market-based management built the world's largest private company /cCharles G. Koch. aHoboken, N.J. :bWiley,cc2007. axiii, 194 p. :bill. ;c23 cm. aIncludes bibliographical references (p. 181-184) and index. 0aManagementxPhilosophy. 0aManagementxMethodology. 0aMarketingxManagement. 0aIndustrial management. 0aOrganizational behavior.413Table of contents onlyuhttp://www.loc.gov/catdir/toc/fy0711/2007295977.html423Contributor biographical informationuhttp://www.loc.gov/catdir/enhancements/fy0741/2007295977-b.html423Publisher descriptionuhttp://www.loc.gov/catdir/enhancements/fy0741/2007295977-d.html a7bcbcccopycatd2encipf20gy-gencatlg 2lcccBOOKShHD 31 .K63 2007 00102lcc4070aMUCbMUCcTECHd2016-11-26eDonation (BFA)l0oHD 31 .K63 2007p28114r2018-07-19w2016-11-26yBOOKS